000
00242nam a22000977a 4500
999
_c
517034
_d
517034
082
_a
F50841x54 D44
100
_a
Das, B.C.
_9
24235
245
_a
Political development in India
_c
By B.C. Das
260
_a
New Delhi
_b
Ashish
_c
1978
300
_a
392p.